| 000 | 00000nam 2200000za 4500 |
| 001 | 9.833256 |
| 003 | CaOODSP |
| 005 | 20221107150200 |
| 007 | cr ||||||||||| |
| 008 | 170301s1936 onc #of f001 0 fre d |
| 040 | |aCaOODSP|bfre |
| 043 | |an-cn-mb|an-cn-sn|an-cn-ab |
| 086 | 1 |aCS98-1936IF-PDF|zCS98-1936I |
| 245 | 00|aRecensement de Manitoba, Saskatchewan et Alberta 1936, instructions aux commissaires et énumérateurs, recensement 1936 |h[ressource électronique]. |b |
| 246 | 30|aInstructions aux commissaires et énumérateurs, recensement 1936 |
| 246 | 36|aRèglements et instructions, recensement de 1936 |
| 260 | |aOttawa : |bBureau federal de la statistique,|c1936 |f(J.O. Patenaude, Imprimeur) |
| 300 | |aix, 87-175 p. |
| 500 | |a« Approuvées par Ordre en Conseil ». |
| 500 | |aTitre de la couv. |
| 500 | |aPublication du recensement historique numérisée en 2010 [par Statistique Canada]. |
| 500 | |aPublié aussi en anglais sous le titre : Census of Manitoba, Saskatchewan and Alberta 1936, instructions to commissioners and enumerators. |
| 504 | |aComprend un index. |
| 520 | 0 |aComprend les règlements et instructions aux commissaires et énumérateurs, recensement de 1936. Comprend aussi: « Appendice I - Echelle des taux » et « Appendice II - Extraits de la Loi de la statistique, 8-9 George V, Chapitre 43, 1918 ». |
| 692 | 07|2gccst|aRecensement |
| 692 | 07|2gccst|aManuel |
| 710 | 1 |aCanada. |bBureau fédéral de la statistique. |
| 775 | 08|tCensus of Manitoba, Saskatchewan and Alberta 1936, instructions to commissioners and enumerators |w(CaOODSP)9.833254 |
| 795 | |tCensus of Manitoba, Saskatchewan and Alberta 1926, instructions to commissioners and enumerators |w(CaOODSP)9.830360 |
| 856 | 40|qPDF|s4.14 Mo|uhttps://publications.gc.ca/collections/collection_2017/statcan/CS98-1936I-fra.pdf |